Normal view MARC view
  • Broadband communication systems

Entry Topical Term

Number of records used in: 9

001 - CONTROL NUMBER

  • control field: 1436

003 - CONTROL NUMBER IDENTIFIER

  • control field: TR-AnTOB

005 - DATE AND TIME OF LATEST TRANSACTION

  • control field: 20230605100440.0

008 - FIXED-LENGTH DATA ELEMENTS

  • fixed length control field: 880512i| azannbab| |a ana

010 ## - LIBRARY OF CONGRESS CONTROL NUMBER

  • LC control number: sh 88002943

035 ## - SYSTEM CONTROL NUMBER

  • System control number: (TR-AnTOB)1436

040 ## - CATALOGING SOURCE

  • Original cataloging agency: DLC
  • Transcribing agency: DLC
  • Modifying agency: DLC
  • Modifying agency: TR-AnTOB

053 #0 - LC CLASSIFICATION NUMBER

  • Classification number element--single number or beginning number of span: TK5103.4
  • Classification number element--ending number of span: TK5103.45

150 #0 - HEADING--TOPICAL TERM

  • Topical term or geographic name entry element: Broadband communication systems

450 #0 - SEE FROM TRACING--TOPICAL TERM

  • Topical term or geographic name entry element: Wideband communication systems

450 ## - SEE FROM TRACING--TOPICAL TERM

  • Topical term or geographic name entry element: Geniş bandlı iletişim sistemleri

450 ## - SEE FROM TRACING--TOPICAL TERM

  • Topical term or geographic name entry element: Geniş bantlı iletişim sistemleri

550 #0 - SEE ALSO FROM TRACING--TOPICAL TERM

  • Control subfield: g
  • Topical term or geographic name entry element: Telecommunication systems

670 ## - SOURCE DATA FOUND

  • Source citation: Work cat.: Broadband communications buyers' guide, 1986.

670 ## - SOURCE DATA FOUND

  • Source citation: INSPEC
  • Information found: (Broadband networks)

670 ## - SOURCE DATA FOUND

  • Source citation: NASA
  • Information found: (Broadband)

670 ## - SOURCE DATA FOUND

  • Source citation: Aries dict. telecom
  • Information found: (Broadband)

670 ## - SOURCE DATA FOUND

  • Source citation: Roberts. Dict. audio radio video
  • Information found: (Broadband)

670 ## - SOURCE DATA FOUND

  • Source citation: Sherman. Data comm.
  • Information found: (Broadband)

670 ## - SOURCE DATA FOUND

  • Source citation: McGraw-Hill dict. sci. tech.
  • Information found: (Broad-band)

675 ## - SOURCE DATA NOT FOUND

  • Source citation: ASTI;
  • Source citation: Engr. index;
  • Source citation: McGraw-Hill encyc. sci. tech.

688 ## - APPLICATION HISTORY NOTE

  • Institution to which field applies: TR-AnTOB
  • Application history note: EbA 05.06.2020

750 ## - ESTABLISHED HEADING LINKING ENTRY--TOPICAL TERM

  • Authority record control number or standard number: https://lccn.loc.gov/sh88002943
  • Source of heading or term: lcsh

750 ## - ESTABLISHED HEADING LINKING ENTRY--TOPICAL TERM

  • Authority record control number or standard number: (TR-AnTOB)37916
  • Source of heading or term: etuturkob
Devinim Yazılım Eğitim Danışmanlık tarafından Koha'nın orjinal sürümü uyarlanarak geliştirilip kurulmuştur.